000 00411nam a2200157Ia 4500
008 160316s2012 xxu||||| |||| 00| 0 eng d
082 _a344.010000
_bMAL
100 _aMalhotra V K
245 _aBihar contract labour (Regulation and Abolition) manual
250 _a
260 _aPatna
_bMalhotra Brothers
_c2012
300 _a114p
_b
_c
365 _b Rs. 100
650 _a1. Contract Labour
700 _a
_a
999 _c35382
_d35382